El quehacer del arquitecto : (Registro nro. 11137)

Detalles MARC
000 -LEADER
campo de control de longitud fija 03017cam a22004214i 4500
003 - IDENTIFICADOR DE NÚMERO DE CONTROL
campo de control PE-LiUPU
005 - FECHA Y HORA DE LA ÚLTIMA TRANSACCIÓN
campo de control 20250731183350.0
008 - DATOS DE LONGITUD FIJA--INFORMACIÓN GENERAL
campo de control de longitud fija 090220s2004 sp a rb 000 0 spa d
020 ## - NÚMERO INTERNACIONAL ESTÁNDAR DEL LIBRO
Número Internacional Estándar del Libro 8489656967
020 ## - NÚMERO INTERNACIONAL ESTÁNDAR DEL LIBRO
Número Internacional Estándar del Libro 9788489656963
035 ## - NÚMERO DE CONTROL DEL SISTEMA
Número de control de sistema (Sirsi) i9788489656963
040 ## - FUENTE DE CATALOGACIÓN
Centro catalogador/agencia de origen PE-LiUPU
Lengua de catalogación spa
Centro/agencia transcriptor PE-LiUPU
Normas de descripción rda
082 04 - NÚMERO DE LA CLASIFICACIÓN DECIMAL DEWEY
Número de clasificación 720.1
Cutter B74
Número de edición 20
100 1# - ENTRADA PRINCIPAL--NOMBRE DE PERSONA
Nombre de persona Borobio, Luis,
Fechas asociadas al nombre 1924,
Término indicativo de función/relación autor.
245 13 - MENCIÓN DEL TÍTULO
Título El quehacer del arquitecto :
Resto del título invención y sensatez /
Mención de responsabilidad, etc. Luis Borobio.
250 ## - MENCION DE EDICION
Mención de edición Primera edición: noviembre 2004.
264 ## - PRODUCCIÓN, PUBLICACIÓN, DISTRIBUCIÓN, FABRICACIÓN Y COPYRIGHT
Producción, publicación, distribución, fabricación y copyright Madrid :
Nombre del de productor, editor, distribuidor, fabricante Cie Inversiones Editoriales Dossat,
Fecha de producción, publicación, distribución, fabricación o copyright 2004.
300 ## - DESCRIPCIÓN FÍSICA
Extensión 214 páginas :
Otras características físicas ilustraciones ;
Dimensiones 24 centimetros
336 ## - TIPO DE CONTENIDO
Término de tipo de contenido text
Fuente rdacontent
337 ## - TIPO DE MEDIO
Nombre/término del tipo de medio unmediated
Fuente rdamedia
338 ## - TIPO DE SOPORTE
Nombre/término del tipo de soporte volume
Fuente rdacarrier
490 1# - MENCIÓN DE SERIE
Mención de serie Dossat
505 ## - NOTA DE CONTENIDO CON FORMATO
Nota de contenido con formato Teorías de la arquitectura -- Huevos y cerramientos -- Celosías y protección de vistas -- Protección del sol -- Cuestiones de soleamiento -- Introducción -- Orientaciones -- Luz cenital con protección del sol -- Disposiciones de bloques -- Ventilación -- Introducción -- Aprovechamiento de las brisas -- Chimeneas de ventilación -- Otros casos de ventilación en bloques -- Protección del viento -- Las corrientes de aire -- El patio central, agente de ventilación -- El patio -- La defensa contra el calor -- Puertas para andar por casa -- Disposición de las puertas -- Tipos de puertas -- La escalera -- La escalera como artefacto funcional -- Escaleras curvas -- Escaleras de caracol -- Escaleras oblicuas -- Enlace de tramos -- Iluminación -- Decoración de escaleras -- Escaleras monumentales -- Las escalinatas exteriores -- El decoro de la arquitectura -- La ordenación del espacio -- El pudor de lo útil -- La luz y las luces -- El mobiliario -- Distribución de los muebles -- La vejez provocada y la cochambre decorada -- Los adornos -- Obras de arte -- El estilo y los estilos de decoración -- Luz y arquitectura -- La luz -- Valores plásticos de la iluminación -- La arquitectura ingrávida del gótico -- Los volúmenes rotundos del románico -- Valores decorativo de luces y penumbras -- Los ángulos de incidencia de la luz -- La orientación de El Escorial en función de la incidencia de la luz -- La luz en si -- Las vidrieras -- Entradas monumentales.
526 ## - NOTA DE INFORMACIÓN SOBRE EL PROGRAMA DE ESTUDIO
Nombre del programa Maestría Bim Facility Management (A distancia)
526 ## - NOTA DE INFORMACIÓN SOBRE EL PROGRAMA DE ESTUDIO
Nombre del programa
526 ## - NOTA DE INFORMACIÓN SOBRE EL PROGRAMA DE ESTUDIO
Nombre del programa Educación musical y artes
526 ## - NOTA DE INFORMACIÓN SOBRE EL PROGRAMA DE ESTUDIO
Nombre del programa Educación, especialidad educación física
526 ## - NOTA DE INFORMACIÓN SOBRE EL PROGRAMA DE ESTUDIO
Nombre del programa Arquitectura
541 ## - NOTA DE FUENTE DE ADQUISICIÓN DIRECTA
-- 020-0000435;
596 ## -
-- 1
650 #4 - PUNTO DE ACCESO ADICIONAL DE MATERIA--TÉRMINO DE MATERIA
Término de materia o nombre geográfico como elemento de entrada Arquitectura
Subdivisión general Teorías.
650 #4 - PUNTO DE ACCESO ADICIONAL DE MATERIA--TÉRMINO DE MATERIA
Término de materia o nombre geográfico como elemento de entrada Espacio en arquitectura.
650 #4 - PUNTO DE ACCESO ADICIONAL DE MATERIA--TÉRMINO DE MATERIA
Término de materia o nombre geográfico como elemento de entrada Iluminación de Interiores.
942 ## - ELEMENTOS DE ENTRADA SECUNDARIOS (KOHA)
Fuente del sistema de clasificación o colocación Clasificación Decimal Dewey
Tipo de ítem Koha
949 ## - PROCESAMIENTO DE INFORMACIÓN LOCAL (OCLC)
a 720.1 B74
w DEWEY
c 1
i 72711
l CATALOGING
m BUL
p 51.19
r 0
s Y
t BOOK
u 2016-04-14
x INGENIERIA
-- P06
0 COMPRA
o .STAFF. Colección General
994 ## -
-- C0
-- PEPRU
999 ## - NÚMEROS DE CONTROL DE SISTEMA (KOHA)
-- DEWEY
-- 72711
-- 2021-11-9
-- 7
-- CCODEBUL1
-- BUL
-- 51.19
-- 0
-- Y
-- BOOK
-- 2016-4-14
-- INGENIERIA
-- P06
-- COMPRA
-- .STAFF. Colección General
980 ## - EQUIVALENCIA O REFERENCIA-CRUZADA-MENCIÓN DE SERIE--NOMBRE DE PERSONA/TÍTULO [LOCAL, CANADÁ]
ID del último usuario que modificó el registro 1
Nombre del último usuario que modificó el registro ALBERTO SANCHEZ Responsable de Automatización
Existencias
Visto por última vez Número de inventario Total de préstamos Signatura topográfica completa Código de barras Copia número Coste, precio de reemplazo Fecha de reemplazo Facultad Tipo de ítem Koha Nota pública Estado de pérdida Fuente del sistema de clasificación o colocación Restricciones de uso No para préstamo Colección Programa académico Biblioteca de origen Biblioteca actual Ubicación en estantería Fecha de adquisición Fuente de adquisición Coste, precio normal de compra
2025-12-03 8   720.1 B74 72711 e1 56.19 2016-04-14 FIA Libros físicos inventario-2023-12-13 No Perdido Clasificación Decimal Dewey No restringido Disponible para préstamos Colección General Arquitectura Biblioteca CRAI UPeU Lima Biblioteca CRAI UPeU Lima Sala principal 2016-04-14 COMPRA 51.19